Statistiques concernant Communes Limitrophes de Perpignan

Cliquez ici pour prendre le quiz!

Statistiques générales

  • Ce quiz a été pris 80 fois
  • Le résultat moyen est 9 sur 16

Statistiques - réponses

Communes% Correct
NordRivesaltes
85%
Sud-EstCabestany
83%
OuestSaint-Estève
83%
EstCanet-en-Roussillon
82%
Nord-EstBompas
71%
NordPia
67%
Sud-OuestCanohès
58%
Sud-OuestToulouges
58%
SudVilleneuve-de-la-Raho
58%
SudPollestres
55%
Sud-EstSaleilles
53%
OuestLe Soler
48%
OuestBaho
44%
Nord-OuestPeyrestortes
33%
Nord-EstVillelongue-de-la-Salanque
30%
Sud-EstThéza
29%

Distribution des résultats

Percentile par nombre de réponses

% des personnes avec chaque résultat

Votre développement - résultats

Vous n’avez pas pris ce quiz